000 01256cam a2200277 i 4500
003 SA-RiAUC
005 20241120062059.0
008 241117s1968 ua g b 00000bara c
040 _aSA-JeALM
_bara
_cSA-RiAUC
_erda
050 4 _bA37 1968
082 0 4 _a922.6
090 _a922.6
_bأ ف غ
100 1 _aالأفغاني، محمد سعيد عبدالمجيد سعيد،
_d1909-1997
_eمؤلف.
245 1 0 _aشيخ الإسلام عبد الله الأنصاري الهروي :
_bمبادئه وآراؤه الكلامية والروحية 396-481 هـ. /
_cمحمد سعيد الأفغاني.
264 1 _aالقاهرة :
_bدار الكتب الحديثة،
_c1968
300 _a360 صفحة ؛
_c24 سم
336 _aنص
_btxt
_2rdacontent
_3كتاب
337 _aبدون وسيط
_bn
_2rdamedia
338 _aمجلد
_bnc
_2rdacarrier
500 _aالأصل أطروحة (دكتوراه)-جامعة الأزهر، كلية أصول الدين.
504 _aببليوجرافية : صفحة 347-350.
600 1 7 _aالهروي، عبد الله بن محمد بن علي،
_d481-396 هجري
_2aucnm
650 7 _aالمتصوفون
_vتراجم
_2aucsh
942 _2ddc
_cBOOK
_n0
949 _aSA-JeALM
_d241117
_umohamedma123
_n1
999 _c2558
_d2558